[Event "Goch op 07th"]
[Site "Goch"]
[Date "1996.10.17"]
[Round "1"]
[White "Esser, Norbert"]
[Black "Hartmann, Joerg"]
[Result "1-0"]
[WhiteElo "2222"]
[BlackElo "1785"]
[PlyCount "49"]
[EventDate "1996.10.17"]
[EventType "swiss"]
[EventRounds "7"]
[EventCountry "GER"]
[SourceTitle "EXT 2000"]
[Source "ChessBase"]
[SourceDate "1999.11.16"]
[SourceVersion "1"]
[SourceVersionDate "1999.11.16"]
[SourceQuality "1"]

1. e4 e6 2. d3 d5 3. Nd2 b6 4. g3 Bb7 5. Bg2 Nf6 6. Ngf3 Be7 7. 0-0 0-0 8. e5 Nfd7 9. Re1 c5 10. Nf1 Re8 11. h4 Nc6 12. Bh3 Bc8 13. Bf4 Nf8 14. h5 f6 15. N1h2 fxe5 16. Nxe5 Nxe5 17. Bxe5 Bf6 18. Ng4 Nd7 19. Nxf6+ Nxf6 20. h6 Re7 21. Qf3 Rf7 22. hxg7 Ne4 23. Qh5 Qg5 24. Bg4 Qd2 25. Re2 1-0